Statistics for Guess the Country by its Population

Click here to take the quiz!

General Stats

  • This quiz has been taken 7 times
  • The average score is 4 of 16

Answer Stats

HintAnswer% Correct
71.8MThailand
86%
117MThe Philippines
71%
52.1MColombia
57%
34.4MYemen
43%
42.2MAfghanistan
29%
11.6MBelgium
29%
12.4MBolivia
29%
85.8MTurkiye
29%
1.14MDjibouti
14%
0.81MGuyana
14%
17.6MNetherlands
14%
2.72MQatar
14%
20.6MZambia
14%
36.7MAngola
0%
23.3MBurkina Faso
0%
8.79MSwitzerland
0%

Score Distribution

Percentile by Number Answered

Percent of People with Each Score

Your Score History

You have not taken this quiz